00398nam a2200157Ia 4500008004100000040001900041041001200060082001900072100001700091245003000108260002700138300002900165440001800194650001000212850001800222131103s9999 xx 000 0 und d aLoreto College aEnglish a780/FRObLCBED aFrost, Bruno aMusic makerscBruno Frost aNew YorkbMaxtonc1957 a21p.b ill.,pic.c 21cm. aA Maxton book aMusic aLCBED/780/FRO